| 000 | 00551nam a2200205Ia 4500 | ||
|---|---|---|---|
| 999 |
_c3979 _d3979 |
||
| 020 | _a1-85743-259-2 | ||
| 082 | _aRR 060 WOR- | ||
| 245 | 0 | _aWorld of learning 2005 | |
| 250 | _a55 | ||
| 260 |
_aLondon _bEuropa Publications _c2004 |
||
| 504 | _aincludes index | ||
| 650 | _aInternational institutions | ||
| 650 | _aInternational organization | ||
| 650 | _aInternational agencies | ||
| 650 | _aAssociations, International | ||
| 650 | _aWorld organization | ||
| 650 | _aOrganization, International | ||
| 700 | _aFatih, Driss | ||
| 942 |
_cBK _2ddc |
||